000 01387nam a2200349Ia 4500
001 ebr10634005
003 CaPaEBR
006 m u
007 cr cn|||||||||
008 091016s2010 maua sb 001 0 eng d
010 _z 2009043252
020 _z1558442065
020 _z9781558442061
040 _aCaPaEBR
_cCaPaEBR
035 _a(OCoLC)833583856
050 1 4 _aHJ4120
_b.P67112 2010eb
245 0 4 _aThe property tax and local autonomy
_h[electronic resource] /
_cedited by Michael E. Bell, David Brunori, and Joan M. Youngman.
260 _aCambridge :
_bLincoln Institute of Land Policy,
_cc2010.
300 _aviii, 299 p. :
_bill.
504 _aIncludes bibliographical references and index.
533 _aElectronic reproduction.
_bPalo Alto, Calif. :
_cebrary,
_d2013.
_nAvailable via World Wide Web.
_nAccess may be limited to ebrary affiliated libraries.
650 0 _aProperty tax
_zUnited States.
650 0 _aLocal taxation
_zUnited States.
650 0 _aLocal finance
_zUnited States.
650 0 _aIntergovernmental tax relations
_zUnited States.
655 7 _aElectronic books.
_2local
700 1 _aBell, Michael E.
700 1 _aBrunori, David.
700 1 _aYoungman, Joan M.
710 2 _aebrary, Inc.
856 4 0 _uhttp://site.ebrary.com/lib/rucke/Doc?id=10634005
_zAn electronic book accessible through the World Wide Web; click to view
999 _c47318
_d47318